KOHA-Header-6

Quaid-I-Azam Speaks: His Vision of Pakistan (Record no. 7379)

000 -LEADER
fixed length control field 00283nam a2200109Ia 4500
100 ## - MAIN ENTRY--AUTHOR NAME
Personal name Quaid-I-Azam Speaks
245 #0 - TITLE STATEMENT
Title Quaid-I-Azam Speaks: His Vision of Pakistan
260 ## - PUBLICATION, DISTRIBUTION, ETC. (IMPRINT)
Place of publication karachi
Name of publisher McGraw-Hill
Year of publication 1991
300 ## - PHYSICAL DESCRIPTION
Number of Pages 42
942 ## - ADDED ENTRY ELEMENTS (KOHA)
Koha item type Books
Holdings
Withdrawn status Lost status Permanent Location Current Location Date acquired Full call number Accession Number Koha item type
    MAJU MAJU 2019-09-12 891.43 1236 Books

Powered by Koha